00496nam a2200157 i 4500001000300000100002100003245005300024260002100077040000800098041000800106942000700114008004100121999001700162856009800179952006100277bg1 aKROKIEWICZ, Adam 0aArystoteles, Pirron i Plotyn /cAdam Krokiewicz. aWarszawa,c1974. cBPK apol cKS s pl f |000 0 pol  c26734d26734 uhttp://koha.tu.koszalin.pl/cgi-bin/koha/opac-detail.pl?biblionumber=26734yKatalog online BPK 00104070aBPKbBPKcwo18311p01050042s2014-10-11yKS